| 000 | 00285 a2200121 4500 | ||
|---|---|---|---|
| 999 |
_c321676 _d321676 |
||
| 001 | 86603 | ||
| 003 | NUST | ||
| 005 | 20180123102919.0 | ||
| 008 | 180123b xxu||||| |||| 00| 0 eng d | ||
| 082 | _a239 ASH | ||
| 100 |
_aAsh Shanawi _99557 |
||
| 245 |
_aThe Ministers arround the Prophet _hEnglish |
||
| 260 |
_aKSA _bDarrussalam _c2004 |
||
| 300 | _a184p. | ||
| 942 |
_aCAE NUST _cBK _k239 ASH _2ddc |
||